| 000 | 00000nam##2200000za#4500 |
| 001 | 9.697667 |
| 003 | CaOODSP |
| 005 | 20210624235601 |
| 007 | cr ||||||||||| |
| 008 | 150407|2010||||xxc|||||o f|0| 0 eng|d |
| 040 | |aCaOODSP|beng |
| 043 | |an-cn--- |
| 086 | 1 |aH14-111/2010E-PDF |
| 110 | 1 |aCanada. |bHealth Canada. |
| 245 | 10|aAudit of payroll administration : |h[electronic resource]|bfinal audit report / |c[by] Audit and Accountability Bureau. |
| 260 | |aOttawa - Ontario : |bHealth Canada |cDecember 2010. |
| 300 | |a23p.|bfig., tables |
| 590 | |a13-11-Supp|b2013-04-26 |
| 775 | 08|tVérification de l'administration de la paye : |w(CaOODSP)9.641702 |
| 856 | 40|ahttp://publications.gc.ca|qPDF|s125 KB|uhttps://publications.gc.ca/collections/collection_2013/sc-hc/H14-111-2010-eng.pdf |